| 000 | 00843nam a22002777i 4500 | ||
|---|---|---|---|
| 003 | URS | ||
| 005 | 20251001091313.0 | ||
| 008 | 181205b xxu||||| |||| 00| 0 eng d | ||
| 020 | _a9789712348747 | ||
| 040 |
_beng _erda _cURS |
||
| 050 | 1 | 4 |
_aHG4026 _b.M4689 2007 |
| 100 | 1 |
_aMedina, Roberto G. _eauthor |
|
| 245 | 1 | 0 |
_aBusiness finance / _cRoberto G. Medina. |
| 250 | _aSecond edition | ||
| 264 | 1 |
_aManila : _bRex Bookstore, _c[date of publication not idenfitied]. |
|
| 264 | 4 | _c©2007 | |
| 300 |
_axi, 228 pages : _billustrations ; _c28 cm |
||
| 336 |
_atext _btxt _2rdacontent |
||
| 336 |
_astill image _bsti _2rdacontent |
||
| 337 |
_aunmediated _bn _2rdamedia |
||
| 338 |
_avolume _bnc _2rdacarrier |
||
| 504 | _aIncludes bibliographical references and index. | ||
| 526 | _aBSBA-FM | ||
| 650 | 0 |
_aBusiness _xFinance |
|
| 942 |
_cF _2lcc |
||
| 999 |
_c5792 _d5792 |
||